Η εκπαιδευτική εικόνα του Ναυπλίου κατά τα έτη 1833-1834
Saved in:
| Main Author: | |
|---|---|
| Format: | Book |
| Language: | Greek |
| Published: |
Ναύπλιο :
Δήμος Ναυπλιέων,
2000.
|
| Subjects: | |
| Tags: |
Add Tag
No Tags, Be the first to tag this record!
|
MARC
| LEADER | 00000cam a2200000 i 4500 | ||
|---|---|---|---|
| 001 | 1/25071 | ||
| 008 | 020617s2000####gr | ||| |||| ||gre|| | ||
| 035 | |l 10067999 | ||
| 040 | |a GR-MY-UA |b gre |e aacr | ||
| 041 | 0 | |a gre | |
| 082 | 0 | |a 379.495 | |
| 100 | 1 | |a Αντωνίου, Δαυΐδ. | |
| 245 | 1 | 2 | |a Η εκπαιδευτική εικόνα του Ναυπλίου κατά τα έτη 1833-1834 |h [ανάτυπο] / |c Δαυίδ Αντωνίου. |
| 260 | |a Ναύπλιο : |b Δήμος Ναυπλιέων, |c 2000. | ||
| 300 | |a [31-64] σ. | ||
| 500 | |a Από τα Ναυπλιακά Ανάλεκτα, τόμος IV (2000). | ||
| 650 | 0 | 0 | |a Education |z Greece |z Nauplion |x History |y 19th century. |
| 852 | |a INST |b RHODES |e 20020617 |h 379.495 ΑΝΤ |p 005400016434 |q 005400016434 |t BK |y 0 | ||
| 901 | |a BIBL4-2002-2 | ||
| 970 | |a ΚΟΥΛΑΚΙΟΤΗ |b ΛΙΤΣΑ |z 2002-06-17 | ||